Biblioteca Fatec Adamantina

Engenharia linguística : (Registro n. 201)

Detalhes MARC
000 -LEADER
fixed length control field 00843nam a22002657a 4500
003 - CONTROL NUMBER IDENTIFIER
control field OSt
005 - DATE AND TIME OF LATEST TRANSACTION
control field 20250221201412.0
007 - PHYSICAL DESCRIPTION FIXED FIELD--GENERAL INFORMATION
fixed length control field ta
008 - FIXED-LENGTH DATA ELEMENTS--GENERAL INFORMATION
fixed length control field 250221b bl ||||| |||| 00| 0 por d
020 ## - INTERNATIONAL STANDARD BOOK NUMBER
International Standard Book Number 9788576501558
Qualifying information (encad.)
040 ## - CATALOGING SOURCE
Language of cataloging por
Transcribing agency OSt
041 0# - LANGUAGE CODE
Language code of text/sound track or separate title por
Language code of original por
082 ## - DEWEY DECIMAL CLASSIFICATION NUMBER
Classification number 410.285
Item number S237e
100 1# - MAIN ENTRY--PERSONAL NAME
Personal name Santos, Emilson Moreira dos
9 (RLIN) 267
210 ## - ABBREVIATED TITLE
Source Engenharia linguística
245 10 - TITLE STATEMENT
Title Engenharia linguística :
Remainder of title tecnologias para apoiar as decisões gerenciais na era da internet /
260 ## - PUBLICATION, DISTRIBUTION, ETC.
Place of publication, distribution, etc. Rio de Janeiro :
Name of publisher, distributor, etc. E-papers,
Date of publication, distribution, etc. 2008.
300 ## - PHYSICAL DESCRIPTION
Extent 146 p. :
Other physical details il. ;
Dimensions 21 cm
504 ## - BIBLIOGRAPHY, ETC. NOTE
Bibliography, etc. note Bibliografia: p. 141-143
650 04 - SUBJECT ADDED ENTRY--TOPICAL TERM
Topical term or geographic name entry element Planejamento estratégico
650 04 - SUBJECT ADDED ENTRY--TOPICAL TERM
Topical term or geographic name entry element Linguística-Processamento de dados
650 04 - SUBJECT ADDED ENTRY--TOPICAL TERM
Topical term or geographic name entry element Negócios-Recursos de redes de computadores
650 04 - SUBJECT ADDED ENTRY--TOPICAL TERM
Topical term or geographic name entry element Comércio eletrônico
942 ## - ADDED ENTRY ELEMENTS (KOHA)
Source of classification or shelving scheme Dewey Decimal Classification
Koha item type LIVRO
Suppress in OPAC No
Exemplares
Withdrawn status Lost status Source of classification or shelving scheme Damaged status Not for loan Home library Current library Date acquired Total checkouts Full call number Barcode Date last seen Copy number Price effective from Koha item type
    Dewey Decimal Classification     Biblioteca Fatec Adamantina Biblioteca Fatec Adamantina 21.02.2025   410.285 - S237e 2025-0392 21.02.2025 ex.1 21.02.2025 LIVRO
    Dewey Decimal Classification     Biblioteca Fatec Adamantina Biblioteca Fatec Adamantina 21.02.2025   410.285 - S237e 2025-0393 21.02.2025 ex.2 21.02.2025 LIVRO
    Dewey Decimal Classification     Biblioteca Fatec Adamantina Biblioteca Fatec Adamantina 21.02.2025   410.285 - S237e 2025-0394 21.02.2025 ex.3 21.02.2025 LIVRO
    Dewey Decimal Classification     Biblioteca Fatec Adamantina Biblioteca Fatec Adamantina 21.02.2025   410.285 - S237e 2025-0395 21.02.2025 ex.4 21.02.2025 LIVRO

Para mais informações envie um e-mail para [email protected].